5-> Katowice Plac Wolności - Statystyki

Ogólne statystyki
  • Ten quiz został rozwiązany 5 razy
  • Średni wynik to 35 z 43
Statystyki odpowiedzi
Miasto Przystanek % Poprawnych
Piekary Śląskie Brzeziny Śląskie
100%
Piekary Śląskie Brzeziny Śląskie Bednorza
100%
Piekary Śląskie Brzozowice
100%
Piekary Śląskie Dąbrówka Wielka
100%
Piekary Śląskie Dąbrówka Wielka Skrzyżowanie
100%
Piekary Śląskie Kamień
100%
Katowice Katowice Chorzowska
100%
Katowice Katowice Plac Wolności
100%
Piekary Śląskie Kozłowa Góra
100%
Piekary Śląskie Kozłowa Góra Tarnogórska
100%
Nakło Śląskie Nakło Śląskie
100%
Nakło Śląskie Nakło Śląskie Pałac
100%
Piekary Śląskie Piekary Bazylika
100%
Piekary Śląskie Piekary Lipka
100%
Świerklaniec Świerklaniec Park
100%
Świerklaniec Świerklaniec Sady
100%
Piekary Śląskie Szarlej Poczta
100%
Tarnowskie Góry Tarnowskie Góry Dworzec
100%
Tarnowskie Góry Tarnowskie Góry Stara
100%
Piekary Śląskie Brzeziny Śląskie Dom Kultury
75%
Piekary Śląskie Brzozowice Reymonta
75%
Piekary Śląskie Dąbrówka Wielka Przyjaźni
75%
Piekary Śląskie Dąbrówka Wielka Rozalki
75%
Katowice Katowice Sokolska
75%
Katowice Koszutka Morcinka
75%
Katowice Koszutka Słoneczna
75%
Siemianowice Śląskie Michałkowice Kościelna
75%
Siemianowice Śląskie Michałkowice Plac 11 Listopada
75%
Siemianowice Śląskie Michałkowice Tarnogórska
75%
Piekary Śląskie Osiedle Powstańców
75%
Piekary Śląskie Piekary Dwór
75%
Siemianowice Śląskie Siemianowice Michałkowicka
75%
Siemianowice Śląskie Siemianowice Plac Skargi
75%
Siemianowice Śląskie Siemianowice Śląska
75%
Świerklaniec Świerklaniec Szkoła
75%
Piekary Śląskie Szarlej Osiedle Sowińskiego
75%
Piekary Śląskie Szarlej Wyszyńskiego
75%
Piekary Śląskie Dąbrówka Wielka Przychodnia Zdrowia
50%
Siemianowice Śląskie Michałkowice Urząd Miasta
50%
Tarnowskie Góry Tarnowskie Góry Księdza Siwca
50%
Katowice Wełnowiec Gnieźnieńska
50%
Katowice Wełnowiec Plac Alfreda
50%
Siemianowice Śląskie Siemianowice Nowy Świat
25%
Nie znaleziono quizów pasujących do podanych kryteriów
Rozkład punktacji
Procent ludzi z każdym wynikiem
Percentyl według liczby udzielonych odpowiedzi
Twoja historia wyników
Nie rozwiązałeś tego quizu